Economist (Record no. 119526)

MARC details
000 -LEADER
fixed length control field 00868cam a2200169 4500
001 - CONTROL NUMBER
control field WS106794
008 - FIXED-LENGTH DATA ELEMENTS--GENERAL INFORMATION
fixed length control field 000000n 000 0 eng u
035 ## - SYSTEM CONTROL NUMBER
System control number (Sirsi) u106794
245 ## - TITLE STATEMENT
Title Economist
520 ## - SUMMARY, ETC.
Summary, etc. Online version of the magazine which describes itself as 'the international weekly journal of news, ideas, opinions and analysis. The free service gives access to the main stories each week and a summary of business and political news. Also a searchable version of the classified ads and a bookshop catalogue. A subscription service gives access to an archive of articles back to 1995.
650 ## - SUBJECT ADDED ENTRY--TOPICAL TERM
Topical term or geographic name entry element ECONOMICS
650 ## - SUBJECT ADDED ENTRY--TOPICAL TERM
Topical term or geographic name entry element Management consultancy
9 (RLIN) 6255
650 ## - SUBJECT ADDED ENTRY--TOPICAL TERM
Topical term or geographic name entry element JOURNALS
690 ## - LOCAL SUBJECT ADDED ENTRY--TOPICAL TERM (OCLC, RLIN)
Topical term or geographic name as entry element MANAGEMENT-BUSINESS MANAGEMENT-FINANCIAL MANAGEMENT
856 40 - ELECTRONIC LOCATION AND ACCESS
Uniform Resource Identifier <a href="https://www.economist.com">https://www.economist.com</a>
Public note View the website free of charge at www.economist.com...
942 ## - ADDED ENTRY ELEMENTS (KOHA)
Suppress in OPAC 0
Holdings
Withdrawn status Lost status Source of classification or shelving scheme Damaged status Not for loan Home library Current library Shelving location Date acquired Total Checkouts Full call number Barcode Date last seen Copy number Price effective from Koha item type
    Dewey Decimal Classification     Virtual Virtual Online 27/06/2000   WEB SITE 106794-2001 06/08/2019 1 06/08/2019 Online material